000 01220nam a2200241Ia 4500
003 Ost
005 20260416102351.0
008 260416s9999||||xx |||||||||||||| ||und||
040 _cfsecg
041 _aara
082 _a339
100 _aشقبقب، عيسى
_eمؤلف
245 0 _aمحاضرات في الإقتصاد الكلي 1 /
_c عيسى شقبقب
260 _aالجزائر
_bجامعة الجزائر3: كلية العلوم الإقتصادية، العلوم التجارية وعلوم التسيير
_c2016
300 _a109 ورقة
_bايضاحات
_c30 سم
504 _aمراجع ص.108
520 _aمدخل لمفهوم الاقتصاد الكلي وحسابات الدخل الوطني، النموذج الكلاسيكي، النموذج الكينزي البسيط للدخل والانفاق، دور النقود الفائدة وسعر الصرف في تحديد التوازن
653 _aالاقتصاد الكلي
653 _aالسياسة المالية
653 _aالنقود
710 _aجامعة الجزائر3: كلية العلوم الإقتصادية، العلوم التجارية وعلوم التسيير
_eناشر علمي
942 _cHANDOUT
999 _c41016
_d41016